Statistics for Countries US States Capitals Elements Common Word unscramble

Click here to take the quiz!

General Stats

  • This quiz has been taken 226 times
  • The average score is 12 of 20

Answer Stats

Answer% Correct
A
100%
About
100%
Accra
100%
Alabama
100%
Alaska
100%
Albania
100%
Amman
100%
Amsterdam
100%
An
100%
And
100%
Any
100%
Armenia
100%
Asmara
100%
Astana
100%
At
100%
Athens
100%
Augusta
100%
Bangkok
100%
Belarus
100%
Berlin
100%
Bern
100%
Bismarck
100%
Bosnia and Herzegovina
100%
Bratislava
100%
Brazzaville
100%
Bromine
100%
Bucharest
100%
Budapest
100%
Buenos Aires
100%
By
100%
Cambodia
100%
Cameroon
100%
Cape Verde
100%
Caracas
100%
Carbon
100%
China
100%
Colorado
100%
Columbus
100%
Come
100%
Connecticut
100%
Cuba
100%
Dakar
100%
Denver
100%
Dhaka
100%
Do
100%
Einsteinium
100%
France
100%
Francium
100%
Georgia
100%
Get
100%
Go
100%
Gold
100%
Haiti
100%
Harare
100%
Hartford
100%
Hawaii
100%
He
100%
Helium
100%
Her
100%
Him
100%
His
100%
Honiara
100%
Honolulu
100%
How
100%
Illinois
100%
India
100%
Indium
100%
Iowa
100%
Iran
100%
Iraq
100%
Iridium
100%
It
100%
Its
100%
Jakarta
100%
Japan
100%
Jerusalem
100%
Juneau
100%
Just
100%
Kansas
100%
Kentucky
100%
Kenya
100%
Kiev
100%
Kigali
100%
Know
100%
Kosovo
100%
Laos
100%
Lead
100%
Liberia
100%
London
100%
Madison
100%
Make
100%
Malabo
100%
Malawi
100%
Manama
100%
Mendelevium
100%
Mexico City
100%
Mississippi
100%
Moldova
100%
Morocco
100%
My
100%
Nepal
100%
New
100%
New Jersey
100%
New Zealand
100%
Nicaragua
100%
Niger
100%
Not
100%
Oman
100%
One
100%
Or
100%
Oregon
100%
Ouagadougou
100%
Our
100%
Out
100%
Over
100%
Oxygen
100%
Paris
100%
Philippines
100%
Phnom Penh
100%
Phosphorus
100%
Plutonium
100%
Portugal
100%
Praia
100%
Pyongyang
100%
Qatar
100%
Salt Lake City
100%
Say
100%
See
100%
Seoul
100%
She
100%
So
100%
Some
100%
South Dakota
100%
South Sudan
100%
Spain
100%
Suriname
100%
Sweden
100%
Taiwan
100%
Take
100%
Tehran
100%
Texas
100%
Than
100%
The
100%
They
100%
Think
100%
This
100%
Tin
100%
Togo
100%
Two
100%
United Kingdom
100%
Up
100%
Uruguay
100%
Us
100%
Use
100%
Utah
100%
Vermont
100%
Vientiane
100%
Virginia
100%
Warsaw
100%
Washington D.C.
100%
Way
100%
When
100%
Which
100%
Who
100%
Will
100%
Windhoek
100%
Wyoming
100%
Yaren
100%
Ytterbium
100%
Zagreb
100%
Zinc
100%
Aluminium
75%
For
75%
Krypton
75%
But
67%
Delaware
67%
Me
67%
Panama
67%
Paraguay
67%
Phoenix
67%
Silicon
67%
Suva
67%
Switzerland
67%
With
67%
Canada
60%
Addis Ababa
50%
After
50%
Algeria
50%
All
50%
Andorra
50%
Arizona
50%
Azerbaijan
50%
Baghdad
50%
Bloemfontein
50%
Boston
50%
Brazil
50%
Bridgetown
50%
Calcium
50%
Chile
50%
Cobalt
50%
Copper
50%
Cote d'Ivoire
50%
Fermium
50%
First
50%
Ghana
50%
Give
50%
Guyana
50%
Hanoi
50%
Harrisburg
50%
Helena
50%
Hungary
50%
Iodine
50%
Iron
50%
Kabul
50%
Kiribati
50%
Kuwait
50%
Lisbon
50%
Luxembourg
50%
Managua
50%
Maryland
50%
Mauritania
50%
Mercury
50%
Monaco
50%
Most
50%
Neon
50%
New York
50%
Nickel
50%
North Korea
50%
Pakistan
50%
Peru
50%
Potassium
50%
Protactinium
50%
Riyadh
50%
São Tomé and Príncipe
50%
Slovenia
50%
Strontium
50%
Tanzania
50%
Technetium
50%
Tennessine
50%
Thailand
50%
That
50%
Their
50%
Then
50%
Tonga
50%
Tungsten
50%
Turkey
50%
Ukraine
50%
Vanuatu
50%
Victoria
50%
Wellington
50%
Bamako
33%
Berkelium
33%
Bishkek
33%
Bujumbura
33%
Croatia
33%
Guinea-Bissau
33%
Indianapolis
33%
Maseru
33%
Monaco
33%
Nebraska
33%
Serbia
33%
Springfield
33%
Sulfur
33%
Oganesson
25%
Thorium
25%
Asunción
20%
Muscat
20%
Abu Dhabi
0%
Abuja
0%
Actinium
0%
Afghanistan
0%
Albany
0%
Algiers
0%
Also
0%
Americium
0%
Andorra la Vella
0%
Angola
0%
Ankara
0%
Annapolis
0%
Antananarivo
0%
Antigua and Barbuda
0%
Antimony
0%
Apia
0%
Argentina
0%
Argon
0%
Arkansas
0%
Arsenic
0%
As
0%
Ashgabat
0%
Astatine
0%
Atlanta
0%
Austin
0%
Australia
0%
Austria
0%
Back
0%
Bahamas
0%
Bahrain
0%
Baku
0%
Bandar Seri Begawan
0%
Bangladesh
0%
Bangui
0%
Banjul
0%
Barbados
0%
Barium
0%
Basseterre
0%
Baton Rouge
0%
Be
0%
Because
0%
Beijing
0%
Beirut
0%
Belgium
0%
Belgrade
0%
Belize
0%
Belmopan
0%
Benin
0%
Beryllium
0%
Bhutan
0%
Bismuth
0%
Bissau
0%
Bogotá
0%
Bohrium
0%
Boise
0%
Bolivia
0%
Boron
0%
Botswana
0%
Brasília
0%
Brunei
0%
Brussels
0%
Bulgaria
0%
Burkina Faso
0%
Burundi
0%
Cadmium
0%
Cairo
0%
California
0%
Californium
0%
Can
0%
Canberra
0%
Cape Town
0%
Carson City
0%
Castries
0%
Central African Republic
0%
Cerium
0%
Cesium
0%
Chad
0%
Charleston
0%
Cheyenne
0%
Chișinău
0%
Chlorine
0%
Chromium
0%
Colombia
0%
Columbia
0%
Comoros
0%
Conakry
0%
Concord
0%
Copenhagen
0%
Copernicium
0%
Costa Rica
0%
Cotonou
0%
Could
0%
Curium
0%
Cyprus
0%
Czech Republic
0%
Damascus
0%
Darmstadtium
0%
Day
0%
Democratic Republic of the Congo
0%
Denmark
0%
Des Moines
0%
Dili
0%
Djibouti
0%
Djibouti
0%
Dodoma
0%
Doha
0%
Dominica
0%
Dominican Republic
0%
Dover
0%
Dublin
0%
Dubnium
0%
Dushanbe
0%
Dysprosium
0%
East Timor
0%
Ecuador
0%
Egypt
0%
El Salvador
0%
Equatorial Guinea
0%
Erbium
0%
Eritrea
0%
Estonia
0%
Ethiopia
0%
Europium
0%
Even
0%
Federated States of Micronesia
0%
Fiji
0%
Finland
0%
Flerovium
0%
Florida
0%
Fluorine
0%
Frankfort
0%
Freetown
0%
From
0%
Funafuti
0%
Gabon
0%
Gaborone
0%
Gadolinium
0%
Gallium
0%
Gambia
0%
Georgetown
0%
Georgia
0%
Germanium
0%
Germany
0%
Good
0%
Greece
0%
Grenada
0%
Guatemala
0%
Guatemala City
0%
Guinea
0%
Hafnium
0%
Hassium
0%
Havana
0%
Have
0%
Helsinki
0%
Holmium
0%
Honduras
0%
Hydrogen
0%
I
0%
Iceland
0%
Idaho
0%
If
0%
In
0%
Indiana
0%
Indonesia
0%
Into
0%
Ireland
0%
Islamabad
0%
Israel
0%
Italy
0%
Jackson
0%
Jamaica
0%
Jefferson City
0%
Jordan
0%
Juba
0%
Kampala
0%
Kathmandu
0%
Kazakhstan
0%
Khartoum
0%
Kingston
0%
Kingstown
0%
Kinshasa
0%
Kuala Lumpur
0%
Kuwait City
0%
Kyrgyzstan
0%
Lansing
0%
Lanthanum
0%
La Paz
0%
Latvia
0%
Lawrencium
0%
Lebanon
0%
Lesotho
0%
Libreville
0%
Libya
0%
Liechtenstein
0%
Like
0%
Lilongwe
0%
Lima
0%
Lincoln
0%
Lithium
0%
Lithuania
0%
Little Rock
0%
Livermorium
0%
Ljubljana
0%
Lomé
0%
Look
0%
Louisiana
0%
Luanda
0%
Lusaka
0%
Lutetium
0%
Luxembourg
0%
Macedonia
0%
Madagascar
0%
Madrid
0%
Magnesium
0%
Maine
0%
Majuro
0%
Malaysia
0%
Maldives
0%
Malé
0%
Mali
0%
Malta
0%
Manganese
0%
Manila
0%
Maputo
0%
Marshall Islands
0%
Massachusetts
0%
Mauritius
0%
Mbabane
0%
Meitnerium
0%
Mexico
0%
Michigan
0%
Minnesota
0%
Minsk
0%
Missouri
0%
Mogadishu
0%
Molybdenum
0%
Mongolia
0%
Monrovia
0%
Montana
0%
Montenegro
0%
Montevideo
0%
Montgomery
0%
Montpelier
0%
Moroni
0%
Moscovium
0%
Moscow
0%
Mozambique
0%
Myanmar
0%
Nairobi
0%
Namibia
0%
Nashville
0%
Nassau
0%
Nauru
0%
Naypyidaw
0%
N'Djamena
0%
Neodymium
0%
Neptunium
0%
Netherlands
0%
Nevada
0%
New Delhi
0%
New Hampshire
0%
New Mexico
0%
Ngerulmud
0%
Niamey
0%
Nicosia
0%
Nigeria
0%
Nihonium
0%
Niobium
0%
Nitrogen
0%
No
0%
Nobelium
0%
North Carolina
0%
North Dakota
0%
Norway
0%
Nouakchott
0%
Now
0%
Nukuʻalofa
0%
Of
0%
Ohio
0%
Oklahoma
0%
Oklahoma City
0%
Olympia
0%
On
0%
Only
0%
Oslo
0%
Osmium
0%
Other
0%
Ottawa
0%
Palau
0%
Palikir
0%
Palladium
0%
Panama City
0%
Papua New Guinea
0%
Paramaribo
0%
Pennsylvania
0%
People
0%
Pierre
0%
Platinum
0%
Podgorica
0%
Poland
0%
Polonium
0%
Port-au-Prince
0%
Port Louis
0%
Port Moresby
0%
Port-of-Spain
0%
Porto-Novo
0%
Port Vila
0%
Prague
0%
Praseodymium
0%
Pretoria
0%
Pristina
0%
Promethium
0%
Providence
0%
Quito
0%
Rabat
0%
Radium
0%
Radon
0%
Raleigh
0%
Republic of the Congo
0%
Reykjavík
0%
Rhenium
0%
Rhode Island
0%
Rhodium
0%
Richmond
0%
Riga
0%
Roentgenium
0%
Romania
0%
Rome
0%
Roseau
0%
Rubidium
0%
Russia
0%
Ruthenium
0%
Rutherfordium
0%
Rwanda
0%
Sacramento
0%
Saint George's
0%
Saint John's
0%
Saint Kitts and Nevis
0%
Saint Lucia
0%
Saint Paul
0%
Saint Vincent and the Grenadines
0%
Salem
0%
Samarium
0%
Samoa
0%
Sana'a
0%
San José
0%
San Marino
0%
San Marino
0%
San Salvador
0%
Santa Fe
0%
Santiago
0%
Santo Domingo
0%
São Tomé
0%
Sarajevo
0%
Saudi Arabia
0%
Scandium
0%
Seaborgium
0%
Selenium
0%
Senegal
0%
Seychelles
0%
Sierra Leone
0%
Silver
0%
Singapore
0%
Singapore
0%
Skopje
0%
Slovakia
0%
Sodium
0%
Sofia
0%
Solomon Islands
0%
Somalia
0%
South Africa
0%
South Carolina
0%
South Korea
0%
South Tarawa
0%
Sri Jayawardenapura Kotte
0%
Sri Lanka
0%
Stockholm
0%
Sucre
0%
Sudan
0%
Swaziland
0%
Syria
0%
Taipei
0%
Tajikistan
0%
Tallahassee
0%
Tallinn
0%
Tantalum
0%
Tashkent
0%
Tbilisi
0%
Tegucigalpa
0%
Tellurium
0%
Tennessee
0%
Terbium
0%
Thallium
0%
Them
0%
There
0%
These
0%
Thimphu
0%
Thulium
0%
Time
0%
Tirana
0%
Titanium
0%
To
0%
Tokyo
0%
Topeka
0%
Trenton
0%
Trinidad and Tobago
0%
Tripoli
0%
Tunis
0%
Tunisia
0%
Turkmenistan
0%
Tuvalu
0%
Uganda
0%
Ulaanbaatar
0%
United Arab Emirates
0%
United States
0%
Uranium
0%
Uzbekistan
0%
Vaduz
0%
Valletta
0%
Vanadium
0%
Vatican City
0%
Vatican City
0%
Venezuela
0%
Vienna
0%
Vietnam
0%
Vilnius
0%
Want
0%
Washington
0%
We
0%
Well
0%
West Virginia
0%
What
0%
Wisconsin
0%
Work
0%
Would
0%
Xenon
0%
Yamoussoukro
0%
Yaoundé
0%
Year
0%
Yemen
0%
Yerevan
0%
You
0%
Your
0%
Yttrium
0%
Zambia
0%
Zimbabwe
0%
Zirconium
0%

Score Distribution

Percentile by Number Answered

Percent of People with Each Score

Your Score History

You have not taken this quiz